<?xml version="1.0" encoding="UTF-8"?><?xml-stylesheet type="text/xsl" href="static/style.xsl"?><OAI-PMH xmlns="http://www.openarchives.org/OAI/2.0/" xmlns:xsi="http://www.w3.org/2001/XMLSchema-instance" xsi:schemaLocation="http://www.openarchives.org/OAI/2.0/ http://www.openarchives.org/OAI/2.0/OAI-PMH.xsd"><responseDate>2026-04-17T04:31:09Z</responseDate><request verb="GetRecord" identifier="oai:www.recercat.cat:2117/80396" metadataPrefix="marc">https://recercat.cat/oai/request</request><GetRecord><record><header><identifier>oai:recercat.cat:2117/80396</identifier><datestamp>2026-01-28T01:13:47Z</datestamp><setSpec>com_2072_1033</setSpec><setSpec>col_2072_452949</setSpec></header><metadata><record xmlns="http://www.loc.gov/MARC21/slim" xmlns:dcterms="http://purl.org/dc/terms/" xmlns:xsi="http://www.w3.org/2001/XMLSchema-instance" xmlns:doc="http://www.lyncode.com/xoai" xsi:schemaLocation="http://www.loc.gov/MARC21/slim http://www.loc.gov/standards/marcxml/schema/MARC21slim.xsd">
   <leader>00925njm 22002777a 4500</leader>
   <datafield ind2=" " ind1=" " tag="042">
      <subfield code="a">dc</subfield>
   </datafield>
   <datafield ind2=" " ind1=" " tag="720">
      <subfield code="a">Inostroza Toro, Susana</subfield>
      <subfield code="e">author</subfield>
   </datafield>
   <datafield ind2=" " ind1=" " tag="260">
      <subfield code="c">2015-06</subfield>
   </datafield>
   <datafield ind2=" " ind1=" " tag="520">
      <subfield code="a">Este título: “La herencia de las trazas en la ciudad existente”,(Inostroza, 2004) hace referencia a los aspectos de trazado urbano presente en la ciudad existente. El subtítulo que la acompaña, “Geometría y continuidad en la morfogénesis del proyecto urbano contemporáneo” incluye la dimensión proyectual compleja y formal que el proyecto urbano contemporáneo ha sido capaz de crear en la ciudad. Se refiere también a las huellas de las trazas presentes en la ciudad y en los proyectos urbanos actuales distinguiéndolas en diversas categorías dentro de dicho paisaje.&#xd;
La hipótesis central o supuesto principal se basa en el potencial que tienen las trazas heredadas para influir en la creación de nuevos proyectos urbanos y espacios públicos en la ciudad contemporánea. Si bien el proyecto revisado responde a necesidades actuales de la ciudad, se le percibe firmemente anclado y vinculado a la historia del lugar siendo deudor del mismo. Por tal motivo, siempre será relevante la visión retrospectiva de experiencias del pasado en diversas ciudades del mundo.</subfield>
   </datafield>
   <datafield ind2=" " ind1=" " tag="520">
      <subfield code="a">The title: "The traces legacy in the existing city" refers to aspects of urban design presented in the existing city. The subtitle that accompanies it, called "Geometry and continuity in the contemporary urban project morphogenesis" includes the complex and formal projective dimension which the contemporary urban project has been able to create in the city. It also refers to the mark traces presented in the city and in current urban projects distinguished in many categories within this landscape.&#xd;
The central hypothesis is based on the potential influence that the traces have on the creation of new urban projects and public spaces in the contemporary city. While the revised project respond to actual city needs, he is perceived firmly anchored and linked to the history of the place too. Therefore, the past experiences in many cities of the world will be always relevant.</subfield>
   </datafield>
   <datafield tag="653" ind2=" " ind1=" ">
      <subfield code="a">Àrees temàtiques de la UPC::Urbanisme</subfield>
   </datafield>
   <datafield tag="653" ind2=" " ind1=" ">
      <subfield code="a">City planning</subfield>
   </datafield>
   <datafield tag="653" ind2=" " ind1=" ">
      <subfield code="a">Proyecto Urbano</subfield>
   </datafield>
   <datafield tag="653" ind2=" " ind1=" ">
      <subfield code="a">Herencia</subfield>
   </datafield>
   <datafield tag="653" ind2=" " ind1=" ">
      <subfield code="a">Trazas</subfield>
   </datafield>
   <datafield tag="653" ind2=" " ind1=" ">
      <subfield code="a">Espacios Públicos</subfield>
   </datafield>
   <datafield tag="653" ind2=" " ind1=" ">
      <subfield code="a">Urban Project</subfield>
   </datafield>
   <datafield tag="653" ind2=" " ind1=" ">
      <subfield code="a">Heritage</subfield>
   </datafield>
   <datafield tag="653" ind2=" " ind1=" ">
      <subfield code="a">Traces</subfield>
   </datafield>
   <datafield tag="653" ind2=" " ind1=" ">
      <subfield code="a">Public Spaces</subfield>
   </datafield>
   <datafield tag="653" ind2=" " ind1=" ">
      <subfield code="a">Urbanisme</subfield>
   </datafield>
   <datafield ind2="0" ind1="0" tag="245">
      <subfield code="a">La herencia de las trazas en la ciudad existente: geometría y continuidad en la morfogénesis del proyecto urbano contemporáneo</subfield>
   </datafield>
</record></metadata></record></GetRecord></OAI-PMH>